01446cab a2200289Ia 4500001000800000003000600008008004100014040000800055041001300063100002300076240008600099245017800185246015400363300001800517504002500535520025800560546002300818650002200841650002100863650001700884650003500901700001700936700001900953700001700972773008800989856007901077u187250SIRSI101123s2010 ua ss b eng d aEAL aengbara1 aShamseldean, M. M.10aMinufiya journal of agricultural research, 2010 v. 35 (5)h[electronic resource].10aEvaluation of the entomopathogenic nematodes, Steinernema spp and Heterorhabditis bacteriophora, in the control of mole cricket, Gryllotalpa Africanah[electronic resource].15aتقييم النيماتودا Heterorhabditis bacteriophora. Steinernema spp. في مكافحة الحفار الافريقي Gryllotalpa Africana. aP. 1849-1857. aIncludes references. aThis study aimed to evaluate the efficacy of a new approach in the control of the mole cricket, Gryllotalpa africana using Steinemema spp (Siwa strain) ; Steinemema riobrave ; Heterorhabditis bacteriophora (B20) and , (HP88) under laboratory conditions. aSummary in Arabic. 0aInsect nematodes. 0aHeterorhabditis. 0aGryllotalpa. 0aNematodesxBiological control.1 aKella, A. M.1 aBekhiet, M. A.1 aAnany, A. E.0 tMinufiya Journal of Agricultural Research. g2010.v.35(5)x1110-02657nnaswu15815140uhttp://nile.enal.sci.eg/EALE/2010/MJAR/3510/5/1849.pdfzFull Text Article.